Pokemon that contain the letter V - Statistics

General Stats
  • This quiz has been taken 276 times
    267 since last reset
  • The average score is 55 of 72
Answer Stats
Generation Type Pokemon % Correct
I Bug/Poison Venonat
91%
I Bug/Poison Venomoth
90%
I Grass/Poison Venusaur
89%
V Dark/Flying Vullaby
86%
V Bug/Fire Larvesta
85%
IV Grass/Ice Snover
85%
V Ice Vanillite
85%
V Ice Vanilluxe
85%
VI Bug/Flying Vivillon
85%
V Ice Vanillish
84%
V Bug/Poison Venipede
84%
VII Bug/Electric Vikavolt
84%
I Grass/Poison Vileplume
84%
V Bug/Fire Volcarona
84%
I Fire Vulpix
84%
V Normal/Flying Braviary
83%
I Grass/Poison Ivysaur
83%
III Poison Seviper
83%
I Grass/Poison Victreebel
83%
I Electric Voltorb
83%
V Normal/Flying Pidove
82%
IX Grass/Normal Arboliva
81%
V Bug/Grass Leavanny
81%
IX Grass/Normal Smoliv
81%
IX Steel/Poison Varoom
81%
IV Bug/Flying Vespiquen
81%
V Grass/Fighting Virizion
81%
I Water Vaporeon
80%
VI Fire/Water Volcanion
80%
VI Ice Avalugg
79%
III Ground/Dragon Vibrava
79%
IX Grass/Normal Dolliv
78%
III Bug Volbeat
78%
V Bug/Electric Galvantula
77%
IX Steel/Poison Revavroom
77%
V Grass Servine
77%
V Grass Snivy
77%
VI Ghost/Grass Trevenant
77%
V Psychic/Fire Victini
77%
VI Dark/Flying Yveltal
77%
III Water/Dark Carvanha
76%
I Normal Eevee
76%
IX Grass/Fire Scovillain
76%
IV Normal/Flying Staravia
76%
IV Dark/Ice Weavile
76%
VIII Flying/Steel Corviknight
74%
II Fire Quilava
74%
IV Electric Electivire
73%
III Psychic/Fairy Gardevoir
73%
III Grass Grovyle
73%
II Rock/Ground Larvitar
73%
VIII Flying Corvisquire
72%
III Water Luvdisc
72%
VI Flying/Dragon Noivern
72%
VI Fairy Sylveon
72%
II Ghost Misdreavus
71%
III Normal Vigoroth
71%
VIII Water/Ice Arctovish
70%
VIII Water/Dragon Dracovish
70%
I Rock/Ground Graveler
70%
V Bug/Steel Escavalier
68%
IX Water/Fighting Quaquaval
68%
IV Grass Carnivine
67%
IX Fairy/Fighting Iron Valiant
65%
VIII Dark/Poison Overqwil
65%
IX Water/Psychic Veluza
65%
IX Ghost Greavard
63%
VII Normal Silvally
62%
VIII Normal Skwovet
62%
VIII Bug/Rock Kleavor
59%
IX Grass/Psychic Iron Leaves
57%
VIII Dark Thievul
56%
No matching quizzes found
Score Distribution
Percent of People with Each Score
Percentile by Number Answered
Your Score History
You have not taken this quiz since the last reset